| 000 | 00422nam a22001217a 4500 | ||
|---|---|---|---|
| 082 | _a200 THE | ||
| 100 |
_aSherin Batool _973133 |
||
| 245 | _aTH-SOF-1751-Convolutional Neural Network Based Steering Direction Estimation for Self-Driving Car | ||
| 260 |
_aISLAMABAD _bNUST COLLEGE OF EME _c2020 |
||
| 650 |
_aMS-COMPUTER ENGINEERING-2016 _973134 |
||
| 700 |
_aSupervisor Dr. Muhammad Usman Akram _969721 |
||
| 942 |
_cCF _2ddc |
||
| 999 |
_c578984 _d578984 |
||